000 00259nam a2200097Ia 4500
008 170620s9999 xx 000 0 und d
100 _aKulshrestha- S. P. (Hindi)
245 0 _aShaikshik takniki ke muladhar (Hindi)
260 _bAgra- Vinod Pustak Mandir
260 _c1997
300 _a586
999 _c23569
_d23569